Foundations of Information and Knowledge Systems : Second International Symposium, FoIKS 2002 Salzau Castle, Germany, February 20-23, 2002 Proceedings /

Gespeichert in:
Bibliographische Detailangaben
1. Verfasser: Thomas Eiter, Klaus-Dieter Schewe (edición)
Format: Buch
Sprache:Englisch
Veröffentlicht: Berlín, Alemania : Springer, 2002, c2002
Schriftenreihe:(Lecture Notes in Computer Science)
Online-Zugang:Ver documento en línea
Tags: Tag hinzufügen
Keine Tags, Fügen Sie das erste Tag hinzu!

MARC

LEADER 00000nam^a22000000a04500
001 000603459
009 20260512124115.862
020 |a 978-3-540-45758-9 
022 |a 1611-3349 
037 |a Acervo ITESO - Biblioteca 
041 |a ING 
082 |a Libro en línea 
100 |a Thomas Eiter, Klaus-Dieter Schewe  |e (edición) 
245 |a Foundations of Information and Knowledge Systems :  |b Second International Symposium, FoIKS 2002 Salzau Castle, Germany, February 20-23, 2002 Proceedings / 
264 4 |a Berlín, Alemania :  |b Springer,  |c 2002, c2002 
264 2 |a Cham, Suiza :  |b Springer Link [distribución],  |c 2025 
300 |a 1 libro electrónico en línea (X, 294 p.) 
300 |a 1 recurso en línea 
336 |a datos para computadora  |b cod  |2 rdacontenido 
337 |a computadora  |b c  |2 rdamedio 
338 |a recurso en línea  |b cr  |2 rdasoporte 
440 |a (Lecture Notes in Computer Science) 
506 0 |a Licencias ilimitadas 
567 |a Catalogación rápida 
649 |a XX 
856 4 0 |u https://link-springer-com.ezproxy.iteso.mx/10.1007/3-540-45758-5  |y Ver documento en línea 
910 |a Fondo General 
920 |a Electrónicos - Libros en Línea 
930 |a Plataforma Digital 
905 |a 205 
902 |a https://opac.biblio.iteso.mx/vufind/Record/000603459